<?xml version="1.0" encoding="UTF-8"?>
<record
    xmlns:xsi="http://www.w3.org/2001/XMLSchema-instance"
    xsi:schemaLocation="http://www.loc.gov/MARC21/slim http://www.loc.gov/standards/marcxml/schema/MARC21slim.xsd"
    xmlns="http://www.loc.gov/MARC21/slim">

  <leader>01645nam a2200277Ia 4500</leader>
  <controlfield tag="003">GCL</controlfield>
  <controlfield tag="008">140319s9999    xx            000 0 ara d</controlfield>
  <datafield tag="040" ind1=" " ind2=" ">
    <subfield code="a">GCL / </subfield>
    <subfield code="c">GCL</subfield>
  </datafield>
  <datafield tag="082" ind1="0" ind2="4">
    <subfield code="a">&#x637;</subfield>
    <subfield code="b">910.92</subfield>
    <subfield code="b">&#x633; &#x631;</subfield>
  </datafield>
  <datafield tag="100" ind1="1" ind2=" ">
    <subfield code="a">&#x645;&#x62D;&#x645;&#x62F; &#x642;&#x637;&#x628;</subfield>
  </datafield>
  <datafield tag="245" ind1="1" ind2="0">
    <subfield code="a">&#x627;&#x644;&#x631;&#x62D;&#x627;&#x644;&#x629; &#x627;&#x644;&#x639;&#x631;&#x628; &#x648;&#x627;&#x644;&#x627;&#x62C;&#x627;&#x646;&#x628; \ &#x627;&#x628;&#x646; &#x645;&#x627;&#x62C;&#x62F; &#x627;&#x633;&#x62F; &#x627;&#x644;&#x628;&#x62D;&#x631; &#x627;&#x644;&#x639;&#x631;&#x628;&#x649;-&#x627;&#x628;&#x646; &#x628;&#x637;&#x648;&#x637;&#x629; &#x631;&#x62D;&#x644;&#x629; &#x627;&#x644;&#x62E;&#x645;&#x633;&#x629; &#x648;&#x627;&#x644;&#x639;&#x634;&#x631;&#x64A;&#x646; &#x639;&#x627;&#x645;&#x627;- &#x627;&#x644;&#x628;&#x64A;&#x631;&#x648;&#x646;&#x649; &#x627;&#x644;&#x639;&#x627;&#x644;&#x645; &#x627;&#x644;&#x631;&#x62D;&#x627;&#x644; - &#x627;&#x644;&#x627;&#x62F;&#x631;&#x64A;&#x633;&#x649; &#x648;&#x627;&#x644;&#x643;&#x631;&#x629; &#x627;&#x644;&#x645;&#x62C;&#x633;&#x645;&#x629; -&#x645;&#x627;&#x631;&#x643;&#x648; &#x628;&#x648;&#x644;&#x648; &#x645;&#x643;&#x62A;&#x634;&#x641; &#x627;&#x644;&#x637;&#x631;&#x64A;&#x642; &#x627;&#x644;&#x649; &#x627;&#x644;&#x635;&#x64A;&#x646;-&#x643;&#x631;&#x64A;&#x633;&#x62A;&#x648;&#x641;&#x631;&#x643;&#x648;&#x644;&#x645;&#x628;&#x633;-&#x643;&#x627;&#x631;&#x62A;&#x64A;&#x64A; &#x645;&#x643;&#x62A;&#x634;&#x641; &#x627;&#x645;&#x631;&#x64A;&#x643;&#x627; &#x627;&#x644;&#x634;&#x645;&#x627;&#x644;&#x64A;&#x629;-&#x633;&#x62A;&#x627;&#x646;&#x644;&#x649; &#x645;&#x643;&#x62A;&#x634;&#x641; &#x646;&#x647;&#x631; &#x627;&#x644;&#x643;&#x646;&#x63A;&#x648;-&#x628;&#x64A;&#x631;&#x649; &#x645;&#x643;&#x62A;&#x634;&#x641; &#x627;&#x644;&#x642;&#x637;&#x628; &#x627;&#x644;&#x634;&#x645;&#x627;&#x644;&#x649;-&#x62F;&#x631;&#x64A;&#x643; &#x64A;&#x637;&#x648;&#x641; &#x62D;&#x648;&#x644; &#x627;&#x644;&#x639;&#x627;&#x644;&#x645;- &#x62A;&#x627;&#x633;&#x645;&#x627;&#x646; &#x645;&#x643;&#x62A;&#x634;&#x641; &#x646;&#x64A;&#x648;&#x632;&#x644;&#x646;&#x62F;&#x627;-&#x643;&#x648;&#x643; &#x645;&#x643;&#x62A;&#x634;&#x641; &#x627;&#x633;&#x62A;&#x631;&#x627;&#x644;&#x64A;&#x627;-&#x627;&#x648;&#x644;&#x627;&#x631;&#x646;&#x627; &#x645;&#x643;&#x62A;&#x634;&#x641; &#x646;&#x647;&#x631; &#x627;&#x644;&#x627;&#x645;&#x627;&#x632;&#x648;&#x646;-&#x62C;&#x648;&#x646; &#x633;&#x628;&#x64A;&#x643; &#x645;&#x643;&#x62A;&#x634;&#x641; &#x645;&#x646;&#x627;&#x628;&#x639; &#x627;&#x644;&#x646;&#x64A;&#x644;-&#x641;&#x627;&#x633;&#x643;&#x648;&#x62F;&#x649; &#x62C;&#x627;&#x645;&#x627; &#x645;&#x643;&#x62A;&#x634;&#x641; &#x637;&#x631;&#x64A;&#x642; &#x631;&#x627;&#x633; &#x627;&#x644;&#x631;&#x62C;&#x627;&#x621; &#x627;&#x644;&#x635;&#x627;&#x644;&#x62D; / </subfield>
    <subfield code="c">&#x645;&#x62D;&#x645;&#x62F; &#x642;&#x637;&#x628;</subfield>
  </datafield>
  <datafield tag="700" ind1="1" ind2=" ">
    <subfield code="a">&#x633;&#x627;&#x645;&#x649; &#x627;&#x644;&#x628;&#x62C;&#x64A;&#x631;&#x645;&#x649;</subfield>
  </datafield>
  <datafield tag="260" ind1=" " ind2=" ">
    <subfield code="a">&#x627;&#x644;&#x642;&#x627;&#x647;&#x631;&#x629; : </subfield>
    <subfield code="b">&#x627;&#x644;&#x62F;&#x627;&#x631; &#x627;&#x644;&#x645;&#x635;&#x631;&#x64A;&#x629; &#x627;&#x644;&#x644;&#x628;&#x646;&#x627;&#x646;&#x64A;&#x629;</subfield>
  </datafield>
  <datafield tag="300" ind1=" " ind2=" ">
    <subfield code="a">&#x645;&#x62A;&#x639;&#x62F;&#x62F; &#x61B; </subfield>
    <subfield code="c">24 &#x633;&#x645;</subfield>
  </datafield>
  <datafield tag="490" ind1=" " ind2=" ">
    <subfield code="a">&#x627;&#x644;&#x631;&#x62D;&#x627;&#x644;&#x629; &#x627;&#x644;&#x639;&#x631;&#x628; &#x648;&#x627;&#x644;&#x627;&#x62C;&#x627;&#x646;&#x628;</subfield>
    <subfield code="v">0</subfield>
  </datafield>
  <datafield tag="650" ind1="0" ind2="4">
    <subfield code="a">&#x627;&#x644;&#x645;&#x643;&#x62A;&#x634;&#x641;&#x648;&#x646;</subfield>
  </datafield>
  <datafield tag="650" ind1="0" ind2="4">
    <subfield code="a">&#x627;&#x628;&#x646; &#x628;&#x637;&#x648;&#x637;&#x629;</subfield>
  </datafield>
  <datafield tag="650" ind1="0" ind2="4">
    <subfield code="a">&#x627;&#x644;&#x627;&#x62F;&#x631;&#x64A;&#x633;&#x649;</subfield>
  </datafield>
  <datafield tag="650" ind1="0" ind2="4">
    <subfield code="a">&#x627;&#x628;&#x646; &#x645;&#x627;&#x62C;&#x62F;</subfield>
  </datafield>
  <datafield tag="650" ind1="0" ind2="4">
    <subfield code="a">&#x641;&#x627;&#x633;&#x643;&#x648; &#x62F;&#x627;&#x62C;&#x627;&#x645;&#x627;</subfield>
  </datafield>
  <datafield tag="650" ind1="0" ind2="4">
    <subfield code="a">&#x627;&#x644;&#x643;&#x634;&#x648;&#x641; &#x627;&#x644;&#x62C;&#x63A;&#x631;&#x627;&#x641;&#x64A;&#x629;</subfield>
  </datafield>
  <datafield tag="650" ind1="0" ind2="4">
    <subfield code="a">&#x627;&#x644;&#x628;&#x64A;&#x631;&#x648;&#x646;&#x649; , &#x627;&#x628;&#x648;&#x627;&#x644;&#x631;&#x64A;&#x62D;&#x627;&#x646; &#x645;&#x62D;&#x645;&#x62F;</subfield>
  </datafield>
  <datafield tag="650" ind1="0" ind2="4">
    <subfield code="a">&#x643;&#x648;&#x644;&#x645;&#x628;&#x633; , &#x643;&#x631;&#x633;&#x62A;&#x648;&#x641;&#x631;</subfield>
  </datafield>
  <datafield tag="650" ind1="0" ind2="4">
    <subfield code="a">&#x643;&#x627;&#x628;&#x62A;&#x646; &#x643;&#x648;&#x643;</subfield>
  </datafield>
  <datafield tag="942" ind1=" " ind2=" ">
    <subfield code="2">ddc</subfield>
    <subfield code="c">BK</subfield>
  </datafield>
  <datafield tag="999" ind1=" " ind2=" ">
    <subfield code="c">44575</subfield>
    <subfield code="d">44575</subfield>
  </datafield>
  <datafield tag="952" ind1=" " ind2=" ">
    <subfield code="0">0</subfield>
    <subfield code="1">0</subfield>
    <subfield code="4">0</subfield>
    <subfield code="7">0</subfield>
    <subfield code="a">CAI</subfield>
    <subfield code="b">CAI</subfield>
    <subfield code="d">2014-03-26</subfield>
    <subfield code="l">0</subfield>
    <subfield code="o">&#x637;\910.92\&#x633; &#x631;</subfield>
    <subfield code="p">108787</subfield>
    <subfield code="r">2014-03-26 00:00:00</subfield>
    <subfield code="w">2014-03-26</subfield>
    <subfield code="y">BK</subfield>
  </datafield>
  <datafield tag="952" ind1=" " ind2=" ">
    <subfield code="0">0</subfield>
    <subfield code="1">0</subfield>
    <subfield code="4">0</subfield>
    <subfield code="7">0</subfield>
    <subfield code="a">CAI</subfield>
    <subfield code="b">CAI</subfield>
    <subfield code="d">2014-03-26</subfield>
    <subfield code="l">0</subfield>
    <subfield code="o">&#x637;\910.92\&#x633; &#x631;</subfield>
    <subfield code="p">108788</subfield>
    <subfield code="r">2014-03-26 00:00:00</subfield>
    <subfield code="w">2014-03-26</subfield>
    <subfield code="y">BK</subfield>
  </datafield>
  <datafield tag="952" ind1=" " ind2=" ">
    <subfield code="0">0</subfield>
    <subfield code="1">0</subfield>
    <subfield code="4">0</subfield>
    <subfield code="7">0</subfield>
    <subfield code="a">CAI</subfield>
    <subfield code="b">CAI</subfield>
    <subfield code="d">2014-03-26</subfield>
    <subfield code="l">0</subfield>
    <subfield code="o">&#x637;\910.92\&#x633; &#x631;</subfield>
    <subfield code="p">108789</subfield>
    <subfield code="r">2014-03-26 00:00:00</subfield>
    <subfield code="w">2014-03-26</subfield>
    <subfield code="y">BK</subfield>
  </datafield>
  <datafield tag="952" ind1=" " ind2=" ">
    <subfield code="0">0</subfield>
    <subfield code="1">0</subfield>
    <subfield code="4">0</subfield>
    <subfield code="7">0</subfield>
    <subfield code="a">CAI</subfield>
    <subfield code="b">CAI</subfield>
    <subfield code="d">2014-03-26</subfield>
    <subfield code="l">0</subfield>
    <subfield code="o">&#x637;\910.92\&#x633; &#x631;</subfield>
    <subfield code="p">108790</subfield>
    <subfield code="r">2014-03-26 00:00:00</subfield>
    <subfield code="w">2014-03-26</subfield>
    <subfield code="y">BK</subfield>
  </datafield>
  <datafield tag="952" ind1=" " ind2=" ">
    <subfield code="0">0</subfield>
    <subfield code="1">0</subfield>
    <subfield code="4">0</subfield>
    <subfield code="7">0</subfield>
    <subfield code="a">CAI</subfield>
    <subfield code="b">CAI</subfield>
    <subfield code="d">2014-03-26</subfield>
    <subfield code="l">0</subfield>
    <subfield code="o">&#x637;\910.92\&#x633; &#x631;</subfield>
    <subfield code="p">108791</subfield>
    <subfield code="r">2014-03-26 00:00:00</subfield>
    <subfield code="w">2014-03-26</subfield>
    <subfield code="y">BK</subfield>
  </datafield>
  <datafield tag="952" ind1=" " ind2=" ">
    <subfield code="0">0</subfield>
    <subfield code="1">0</subfield>
    <subfield code="4">0</subfield>
    <subfield code="7">0</subfield>
    <subfield code="a">CAI</subfield>
    <subfield code="b">CAI</subfield>
    <subfield code="d">2014-03-26</subfield>
    <subfield code="l">0</subfield>
    <subfield code="o">&#x637;\910.92\&#x633; &#x631;</subfield>
    <subfield code="p">108792</subfield>
    <subfield code="r">2014-03-26 00:00:00</subfield>
    <subfield code="w">2014-03-26</subfield>
    <subfield code="y">BK</subfield>
  </datafield>
  <datafield tag="952" ind1=" " ind2=" ">
    <subfield code="0">0</subfield>
    <subfield code="1">0</subfield>
    <subfield code="4">0</subfield>
    <subfield code="7">0</subfield>
    <subfield code="a">CAI</subfield>
    <subfield code="b">CAI</subfield>
    <subfield code="d">2014-03-26</subfield>
    <subfield code="l">0</subfield>
    <subfield code="o">&#x637;\910.92\&#x633; &#x631;</subfield>
    <subfield code="p">108793</subfield>
    <subfield code="r">2014-03-26 00:00:00</subfield>
    <subfield code="w">2014-03-26</subfield>
    <subfield code="y">BK</subfield>
  </datafield>
</record>
